000 00544nam a2200193 a 4500
001 32951
005 20180714000652.0
008 140415s1966 mx 000 0 spa d
041 _aspa
082 _a620.11
_bDAV
100 1 _aDAVIS, HARMER E.
245 1 0 _aENSAYE E INSPECCION DE LOS MATERIALES DE INGENIERIA
250 _a1a ed.
260 _aMEXICO :
_bCOMPAÑIA EDITORIAL CONTINENTAL,
_c1966
300 _a577
650 1 4 _aMATERIALES
700 1 _aMORENO CRUZ, JUAN
_etr.
700 1 _aTROXELL, GEORGE EARL
_ecoaut.
999 _c32951
_d32951